Dive right in : the sharks won't bite :

Bibliographic Details
Main Author: Wesman, Jane
Format: Book
Published: Kuala Lumpur : Golden Books Centre , 1995
Subjects:

MARC

LEADER 00000cam a2200000 7i4500
001 0000003387
005 20050824.0
020 0 0 |a 9837202319 
090 0 0 |a 658.421082   |b WES 
100 1 0 |a Wesman, Jane 
245 1 0 |a Dive right in :   |b the sharks won't bite :   |b the entrepreneurial woman's guide to success   |c Jane Wesman 
260 0 0 |a Kuala Lumpur :   |b Golden Books Centre ,   |c 1995 
300 |a xiv, 194p. ;   |c 23cm. 
650 0 0 |a Businesswomen   |z United States 
650 0 0 |a Entrepreneurship   |z United States 
650 0 0 |a Success in business   |z United States 
999 |a 0000006288   |b Monograph   |c Open Shelf   |e Default branch